| Tag |
First Indicator |
Second Indicator |
Subfields |
| LEADER |
00000cam a2200000Ia 4500 |
| 001 |
in00001703813 |
| 005 |
20151024170854.0 |
| 008 |
880929s1987 deua b 000 0 eng d |
| 035 |
|
|
|a (OCoLC)ocm18546424
|
| 040 |
|
|
|a NFP
|c NFP
|d TXA
|d UtOrBLW
|
| 049 |
|
|
|a TXAM
|
| 090 |
|
|
|a HV553
|b .W454 1987
|
| 100 |
1 |
|
|a Wenger, Dennis E.
|
| 245 |
1 |
0 |
|a Emergency preparedness and response planning :
|b an overview of seismic policy related issues /
|c Dennis E. Wenger, Thomas E. Drabek.
|
| 264 |
|
1 |
|a [Newark] :
|b University of Delaware, Disaster Research Center,
|c 1987.
|
| 300 |
|
|
|a 23 pages :
|b illustrations ;
|c 28 cm.
|
| 336 |
|
|
|a text
|b txt
|2 rdacontent
|
| 337 |
|
|
|a unmediated
|b n
|2 rdamedia
|
| 338 |
|
|
|a volume
|b nc
|2 rdacarrier
|
| 490 |
1 |
|
|a Preliminary paper. 121
|
| 500 |
|
|
|a Preliminary draft of a manuscript prepared for the Panel on Seismic Policy Adoption and Implementation of the National Research Council.
|
| 504 |
|
|
|a Bibliography: pages 20-23.
|
| 536 |
|
|
|a From the library of the Hazard Reduction and Recovery Center (HRRC).
|
| 650 |
|
0 |
|a Disaster relief.
|
| 700 |
1 |
|
|a Drabek, Thomas E.,
|d 1940-
|
| 710 |
2 |
|
|a University of Delaware.
|b Disaster Research Center.
|
| 830 |
|
0 |
|a Preliminary paper.
|n 121.
|
| 948 |
|
|
|a cataloged
|b h
|c 2002/11/7
|d c
|e mphillip
|f 10:04:49 am
|
| 994 |
|
|
|a E0
|b TXA
|
| 999 |
|
|
|a MARS
|
| 999 |
f |
f |
|s 77fa814a-648d-35ba-9cf0-8206c8cebfb3
|i 9a79df57-a8a1-36b2-b348-50cf3c95415f
|t 0
|
| 952 |
f |
f |
|p ric
|a Texas A&M University
|b Rellis Campus
|c Joint Library Facility
|d Remote Storage
|t 0
|e HV553 .W454 1987
|h Library of Congress classification
|i unmediated -- volume
|m A14829445232
|
| 998 |
f |
f |
|a HV553 .W454 1987
|t 0
|l Remote Storage
|